000 00667nam a2200241Ia 4500
003 OSt
005 20220918181517.0
006 a|||||r|||| 00| 0
007 ta
008 220917b |||||||| |||| 00| 0 eng d
024 _a27,400
037 _cTextual
040 _aARTS
_cARTS
_beng
041 _2eng
_aeng
082 _aO111,2J64: g (P:75), M0
100 _aSacks Elizabetha
_958691
245 0 _aShakespeares images of pregnancy
260 _aLondon
_bThe MacMillan
_c1980
300 _a148p.
_ccm.
650 _aENGLISH LITERATURE
942 _hO111,2J64: g (P:75), M0
_cTEXL
_2CC
999 _c165862
_d165862